LEADER 00907nam a2200217 i 4500 001 000000214538 003 CaOOAMICUS 005 20220518144654.0 008 120725s1894 it u000 u ita u 013 $a193409 040 $aSeMil$bita 100 1 $aMoigno, François,$d<1804-1884>.$0(OLS)http://semarc/name/12312 245 13$aLa rivelazione e la scienza. Parte 3. 300 $a372 p. 490 0 $aCollezione Pietro Marietti 773 0 $aMoigno, François <1804-1884>$tSplendori della fede.$dTorino : Tip. pontificia ed arcivescovile di Pietro Marietti, 1893-1901.$kCollezione Pietro Marietti$g2$w()27115 830 0$aCollezione Pietro Marietti.$0(OLS)http://semarc/title/6569 850 $aSeMil 852 $aSeMil$W1$xVenegono$y1$m2B III 12 FA$j164960$B164960$CSeMilBibl$Z2$F175982 $8I 996 $6245$aLa rivelazione e la scienza. Parte 3$9(OLS)http://semarc/title/309098 LEADER 00901nam a2200241 i 4500 001 000000053331 003 CaOOAMICUS 005 20060705000000.0 008 060705s1984 it u000 u ita u 013 $a24503 040 $aSeMil$bita 100 1 $aFohrer, Georg.$0(OLS)http://semarc/name/194 245 10$aFede e vita nel giudaismo /$cGeorg Fohrer. 260 $aBrescia :$bPaideia,$ccopyr. 1984. 300 $a225 p. ;$c21 cm. 490 0 $aStudi biblici ;$v69 650 4$aGiudaismo - Storia.$0(OLS)http://semarc/subject/1034 830 0$aStudi biblici ;$v69.$0(OLS)http://semarc/title/33 850 $aSeMil 852 $aSeMil$W1$xVenegono$y1$m2WA A 69$j245082$B19485$CSeMilBibl$Z2$F19487 $81 961 $aAcquisto: Casa editrice 996 $6245$aFede e vita nel giudaismo$9(OLS)http://semarc/title/82137 996 $6260$aBrescia :$bPaideia$9(OLS)http://semarc/publisher/29614